000
00325nam a2200133Ia 4500
008
231017s9999 xx 000 0 und d
082
_a
621.4835
082
_b
ACI
245
0
_a
Code Requirements for Nuclear Safety Related (ACI 349-01) (ACI 349 R-01)
245
0
_c
ACI
260
_b
ACI
300
_c
30cm
942
_c
REP
999
_c
603983
_d
603983